00498nam a2200181Ia 4500003000900000008004100009020001800050040001600068080001500084110002800099245005700127260004600184300001500230650001400245650001800259650001900277650002000296IN-BaIIA211028s9999 xx 000 0 eng d a0-85229-830-7 cIIA Library a58bENB-02 aEncyclopedia Britannica 0aIndia book of the year 2002cEncyclopedia Britannica aNew DelhibEncyclopaedia Britannicac2002 axvi, 500p. adata 2001 aDates of 2001 aevents of 2001 aSpecial Reports